[Event "Turkish Cup 2016"]
[Site "Manavgat TUR"]
[Date "2016.02.05"]
[Round "10.43"]
[White "Mecit, Emre"]
[Black "Degirmenci, Yagiz"]
[Result "1-0"]
[WhiteElo "2092"]
[BlackElo "1809"]
[WhiteTeam "YALOVA"]
[BlackTeam "SIIRT"]
[WhiteFideId "6304214"]
[BlackFideId "6352375"]
[EventDate "2016.01.30"]

1. e4 c5 2. Nf3 d6 3. d4 cxd4 4. Nxd4 Nc6 5. Nc3 Nf6 6. Bg5 e6 7. Qd2 a6 8.
O-O-O Bd7 9. f4 e5 10. Nf3 Bg4 11. Nd5 Nxe4 12. Bxd8 Nxd2 13. Bb6 Nxf3 14. Nc7+
Kd7 15. gxf3 Rc8 16. fxg4 Rxc7 17. Bxc7 Kxc7 18. fxe5 dxe5 19. Bg2 Bc5 20. Rhe1
f6 21. Bxc6 bxc6 22. c3 Re8 23. b4 Bd6 24. Kc2 Kd7 25. c4 Ke6 26. c5 Bc7 27. Kc3
g6 28. Kc4 f5 29. a4 e4 30. Re2 Re7 31. b5 axb5+ 32. axb5 cxb5+ 33. Kxb5 Ke5 34.
gxf5 gxf5 35. c6 f4 36. Rxe4+ Kxe4 1-0

[Event "Turkish Cup 2016"]
[Site "Manavgat TUR"]
[Date "2016.02.05"]
[Round "10.44"]
[White "Rzayev, Askar Aliakbar"]
[Black "Arda, Cagil Irmak"]
[Result "0-1"]
[BlackTitle "WCM"]
[WhiteElo "2082"]
[BlackElo "1907"]
[WhiteTeam "BURSA"]
[BlackTeam "ISTANBUL"]
[WhiteFideId "13405039"]
[BlackFideId "6351700"]
[EventDate "2016.01.30"]

1. d4 g6 2. Nf3 Bg7 3. c4 d6 4. Nc3 c5 5. e4 Qa5 6. dxc5 dxc5 7. Bd2 Qd8 8. h3
Nc6 9. Be2 e6 10. O-O Nge7 11. Be3 Nd4 12. Nb5 Nec6 13. Bf4 e5 14. Be3 O-O 15.
Nc3 f5 16. Nd5 f4 17. Bd2 Nxe2+ 18. Qxe2 g5 19. Nh2 Nd4 20. Qh5 Be6 21. Ng4 Bf7
22. Nh6+ Bxh6 23. Qxh6 Bg6 24. f3 Rc8 25. h4 gxh4 26. Be1 Ne2+ 27. Kh2 Ng3 28.
Bxg3 hxg3+ 29. Kg1 Rc6 30. Qh3 Qg5 31. Rfe1 Bf7 32. Qd7 Qh4 33. Qh3 Qxh3 34.
gxh3 Rh6 35. Kg2 Be6 36. Rh1 b5 37. cxb5 Bxd5 38. exd5 Rd8 39. Rhd1 Rhd6 40. a4
Rxd5 41. Rxd5 Rxd5 42. a5 Rd2+ 43. Kg1 Rxb2 44. b6 a6 45. Re1 c4 46. Rxe5 c3 47.
Rc5 c2 48. b7 Rxb7 49. Rxc2 Rb5 50. Rc4 Rf5 51. Rc8+ Kg7 52. Rc7+ Kg6 53. Rc6+
Rf6 54. Rc5 Rd6 55. h4 Rd1+ 56. Kg2 Rd2+ 57. Kg1 Rf2 58. Rc6+ Kh5 59. Rxa6 Rxf3
60. Rf6 Kg4 0-1

[Event "Turkish Cup 2016"]
[Site "Manavgat TUR"]
[Date "2016.02.05"]
[Round "10.45"]
[White "Kerem, Halil Ozgun"]
[Black "Sahin, Ozgun"]
[Result "1/2-1/2"]
[WhiteElo "1848"]
[BlackElo "2085"]
[WhiteTeam "KARAMAN"]
[BlackTeam "BURDUR"]
[WhiteFideId "6348475"]
[BlackFideId "6328121"]
[EventDate "2016.01.30"]

1. Nf3 d5 2. g3 c5 3. Bg2 Nc6 4. d4 e6 5. O-O Nf6 6. c4 dxc4 7. Qa4 Qa5 8. Qxc4
Qb4 9. Qxb4 Nxb4 10. Nc3 Be7 11. dxc5 Bxc5 12. a3 Nbd5 13. Nxd5 Nxd5 14. b4 Bb6
15. Bb2 O-O 16. Rfd1 Bd8 17. Rac1 b6 18. e4 Nf6 19. Bxf6 gxf6 20. Nd4 Bb7 21.
Nc6 b5 22. Bf1 Bxc6 23. Rxc6 Rb8 24. Rd7 Bb6 25. Bxb5 Rfd8 26. Rc2 Kf8 27. Kg2
Rxd7 28. Bxd7 Ke7 29. Bc6 Rd8 30. a4 Rd4 31. a5 Bd8 32. Rb2 Rc4 33. Bb7 Bc7 34.
f4 Bd6 35. b5 Ra4 36. a6 Bc5 37. Bc6 Ra1 38. Rd2 Kf8 39. Rc2 Bb6 40. Rd2 Bc5 41.
Kf3 h5 42. Kg2 Kg7 43. Rc2 Bd4 1/2-1/2

[Event "Turkish Cup 2016"]
[Site "Manavgat TUR"]
[Date "2016.02.05"]
[Round "10.46"]
[White "Kilic, Gokturk Kagan"]
[Black "Ozenir, Ekin Baris"]
[Result "0-1"]
[BlackTitle "CM"]
[WhiteElo "1776"]
[BlackElo "2097"]
[WhiteTeam "SAKARYA"]
[BlackTeam "MERSIN"]
[WhiteFideId "6367925"]
[BlackFideId "6357415"]
[EventDate "2016.01.30"]

1. e4 e6 2. d4 d5 3. Nd2 a6 4. c3 c5 5. Ngf3 Nc6 6. exd5 exd5 7. dxc5 Bxc5 8.
Nb3 Ba7 9. Be2 Nf6 10. O-O O-O 11. Bg5 Qd6 12. Bxf6 gxf6 13. Nfd4 Ne5 14. Qc2
Ng6 15. Rad1 Re8 16. Bd3 Bd7 17. Nf5 Qe5 18. Nbd4 Bxd4 19. Nxd4 Kh8 20. Bf5 Bc6
21. Nxc6 bxc6 22. Bd7 Rg8 23. Bxc6 Nf4 24. g3 Rab8 25. Kh1 Qh5 26. f3 Rxg3 27.
Qc1 Rg1+ 28. Kxg1 Ne2+ 29. Kh1 Nxc1 30. Rxc1 Rxb2 0-1

[Event "Turkish Cup 2016"]
[Site "Manavgat TUR"]
[Date "2016.02.05"]
[Round "10.47"]
[White "Subasi, Cagrican"]
[Black "Sumer, Gun"]
[Result "1-0"]
[WhiteElo "1766"]
[BlackElo "1969"]
[WhiteTeam "DUZCE"]
[BlackTeam "SIVAS"]
[WhiteFideId "6388167"]
[BlackFideId "6311784"]
[EventDate "2016.01.30"]

1. d4 Nf6 2. c4 e6 3. Nf3 b6 4. e3 Bb7 5. Nbd2 Bb4 6. Bd3 Qe7 7. O-O Bxd2 8.
Bxd2 Ne4 9. Ne1 O-O 10. f3 Nxd2 11. Qxd2 f5 12. Nc2 d6 13. Rae1 Nd7 14. Na3 g6
15. Nb5 a6 16. Nc3 Qg7 17. Bc2 Rae8 18. Ba4 Re7 19. Bxd7 Rxd7 20. b4 e5 21. d5
g5 22. e4 f4 23. Rb1 Bc8 24. a4 g4 25. Kh1 Rf6 26. Ne2 Rh6 27. fxg4 Qxg4 28. Rb3
Rg7 29. Ng1 Qh5 30. h3 Bg4 31. Rf2 f3 32. Nxf3 Bxh3 33. gxh3 Qxh3+ 34. Nh2 Qxb3
35. Qxh6 Qb1+ 36. Rf1 Qxe4+ 37. Rf3 Qg6 38. Qxg6 Rxg6 39. Rf2 Kh8 40. Rf8+ Rg8
41. Rxg8+ Kxg8 42. Kg2 Kg7 43. Kf3 Kg6 44. Ke4 Kg5 45. Nf3+ Kg4 46. Nxe5+ dxe5
47. c5 bxc5 48. bxc5 h5 49. d6 cxd6 50. cxd6 h4 51. d7 h3 52. d8=Q h2 53. Qd1+
Kg3 54. Qh1 1-0

[Event "Turkish Cup 2016"]
[Site "Manavgat TUR"]
[Date "2016.02.05"]
[Round "10.48"]
[White "Agdelen, Huseyin Can"]
[Black "Ayazmali, Gizem"]
[Result "1-0"]
[WhiteElo "1992"]
[BlackElo "1764"]
[WhiteTeam "K.K.T.C."]
[BlackTeam "MERSIN"]
[WhiteFideId "6352260"]
[BlackFideId "6336590"]
[EventDate "2016.01.30"]

1. e4 c5 2. Nf3 d6 3. d4 cxd4 4. Nxd4 Nf6 5. Nc3 g6 6. Be3 Bg7 7. f3 a6 8. Qd2
h5 9. O-O-O b5 10. Nd5 Bb7 11. Nb6 Qxb6 12. Nf5 Qc7 13. Nxg7+ Kf8 14. Bh6 Kg8
15. Nf5 Ne8 16. g4 hxg4 17. Bd3 Nc6 18. Kb1 Ne5 19. fxg4 e6 20. Nd4 Nxg4 21. Bg5
d5 22. h3 Ngf6 23. exd5 Nxd5 24. h4 Ng7 25. Rhf1 Nf5 26. Nxf5 exf5 27. Be2 f6
28. Bf3 Nc3+ 29. bxc3 Bxf3 30. Rxf3 fxg5 31. Qxg5 Qf7 32. Rd6 Kg7 33. Rfd3 Ra7
34. Qd2 Re8 35. h5 f4 36. Rxg6+ Kh7 37. Rdd6 1-0

[Event "Turkish Cup 2016"]
[Site "Manavgat TUR"]
[Date "2016.02.06"]
[Round "11.1"]
[White "Erdogdu, Mert"]
[Black "Haznedaroglu, Kivanc"]
[Result "1/2-1/2"]
[WhiteTitle "IM"]
[BlackTitle "GM"]
[WhiteElo "2438"]
[BlackElo "2467"]
[WhiteTeam "ISTANBUL"]
[BlackTeam "MANISA"]
[WhiteFideId "6301495"]
[BlackFideId "6300634"]
[EventDate "2016.01.30"]

1. e4 c5 2. Nf3 e6 3. d4 cxd4 4. Nxd4 Nc6 5. Nc3 Qc7 6. Be3 a6 7. Qd2 Nf6 8.
O-O-O Bb4 9. f3 Ne7 10. Nde2 d5 11. a3 Ba5 12. Bg5 dxe4 13. Bxf6 gxf6 14. Qh6 f5
15. Qf6 Rg8 16. fxe4 Rg6 17. Qh8+ Rg8 18. Qf6 Rg6 19. Qh8+ 1/2-1/2

[Event "Turkish Cup 2016"]
[Site "Manavgat TUR"]
[Date "2016.02.06"]
[Round "11.2"]
[White "Firat, Burak"]
[Black "Soysal, Serkan"]
[Result "1/2-1/2"]
[WhiteTitle "IM"]
[BlackTitle "FM"]
[WhiteElo "2452"]
[BlackElo "2349"]
[WhiteTeam "ISTANBUL"]
[BlackTeam "KAHRAMANMARAS"]
[WhiteFideId "6305881"]
[BlackFideId "6349250"]
[EventDate "2016.01.30"]

1. e4 e6 2. d4 d5 3. Nd2 c5 4. exd5 Qxd5 5. dxc5 Nf6 6. Ngf3 Qxc5 7. Bd3 Nbd7 8.
O-O Qc7 9. c4 b6 10. b3 Bb7 11. Re1 Bd6 12. Ne4 Nxe4 13. Bxe4 1/2-1/2

[Event "Turkish Cup 2016"]
[Site "Manavgat TUR"]
[Date "2016.02.06"]
[Round "11.3"]
[White "Apaydin, Fethi"]
[Black "Yilmazyerli, Mert"]
[Result "1/2-1/2"]
[WhiteTitle "FM"]
[BlackTitle "IM"]
[WhiteElo "2234"]
[BlackElo "2438"]
[WhiteTeam "ISTANBUL"]
[BlackTeam "KAYSERI"]
[WhiteFideId "6302521"]
[BlackFideId "6305962"]
[EventDate "2016.01.30"]

1. d4 d5 2. c4 c6 3. Nf3 Nf6 4. g3 g6 5. Bg2 Bg7 6. cxd5 cxd5 7. O-O O-O 8. Nc3
Nc6 9. Ne5 Ng4 10. Nf3 Nf6 11. Ne5 Ng4 12. Nf3 Nf6 13. Ne5 Ng4 14. Nf3 1/2-1/2

[Event "Turkish Cup 2016"]
[Site "Manavgat TUR"]
[Date "2016.02.06"]
[Round "11.4"]
[White "Baglan, Esat"]
[Black "Koksal, Ege"]
[Result "0-1"]
[WhiteTitle "FM"]
[BlackTitle "FM"]
[WhiteElo "2238"]
[BlackElo "2331"]
[WhiteTeam "ISTANBUL"]
[BlackTeam "MANISA"]
[WhiteFideId "6309216"]
[BlackFideId "6317626"]
[EventDate "2016.01.30"]

1. e4 e5 2. Nf3 Nc6 3. Bb5 a6 4. Ba4 Nf6 5. O-O Be7 6. Re1 b5 7. Bb3 d6 8. c3
O-O 9. h3 Na5 10. Bc2 c5 11. d4 Nd7 12. dxc5 dxc5 13. Nbd2 Qc7 14. Nf1 Nb6 15.
N3h2 c4 16. Ng3 Nb7 17. Qf3 Nc5 18. Ng4 f6 19. h4 Be6 20. Nf5 Rad8 21. Qg3 Bxf5
22. Nh6+ Kh8 23. Nxf5 g6 24. Bh6 Rg8 25. Ne3 Bf8 26. Bxf8 Rgxf8 27. h5 Kg7 28.
Rad1 Ne6 29. Qg4 Ng5 30. Nd5 Qc5 31. b4 cxb3 32. Bxb3 Nxd5 33. Bxd5 Rd6 34. g3
Rfd8 35. Kg2 Qc8 36. Qxc8 Rxc8 37. hxg6 hxg6 38. c4 bxc4 39. Rc1 f5 40. f3 fxe4
41. fxe4 Rb6 42. Re2 c3 43. Rec2 Rb2 44. Kf1 Rxc2 45. Rxc2 Nf3 46. Bb7 Rc7 47.
Bxa6 Nd2+ 48. Kg2 Nxe4 49. Bd3 Nd6 50. a4 e4 51. Be2 Nf5 52. Kf2 Nd4 53. Rc1 c2 0-1

[Event "Turkish Cup 2016"]
[Site "Manavgat TUR"]
[Date "2016.02.06"]
[Round "11.5"]
[White "Ali Marandi, Cemil Can"]
[Black "Dogan, Ali Ekber"]
[Result "1-0"]
[WhiteTitle "IM"]
[WhiteElo "2450"]
[BlackElo "2140"]
[WhiteTeam "HATAY"]
[BlackTeam "MALATYA"]
[WhiteFideId "6300529"]
[BlackFideId "6304540"]
[EventDate "2016.01.30"]

1. Nf3 Nf6 2. g3 g6 3. b3 Bg7 4. Bb2 O-O 5. Bg2 d6 6. d4 e5 7. dxe5 Ng4 8. Nc3
Nxe5 9. Nxe5 dxe5 10. Qxd8 Rxd8 11. Nd5 Rd7 12. O-O-O Na6 13. Ba3 c5 14. Rd2 f5
15. Rhd1 Kf7 16. Kb1 Rb8 17. e4 b6 18. f4 exf4 19. exf5 gxf5 20. Nxf4 Rxd2 21.
Rxd2 Nc7 22. Bf1 Be6 23. Nxe6 Kxe6 24. Bc4+ Ke7 25. Re2+ Kd6 26. Bc1 Re8 27.
Bf4+ Be5 28. Bc1 Bd4 29. Bf4+ Be5 30. Rd2+ Kc6 31. Bd3 Nd5 32. Bxe5 Rxe5 33. Rf2
Ne3 34. Rf4 Kd6 35. Kc1 h6 36. Kd2 Ng4 37. h3 Nf6 38. Bxf5 Nh5 39. Rf3 Nxg3 40.
Rxg3 Rxf5 41. Rg6+ Kd5 42. Rxh6 Rf2+ 43. Kc1 Rh2 44. a4 c4 45. Rh5+ Kd4 46. Rh4+
Kd5 47. Kb2 cxb3 48. Kxb3 Rh1 49. Rh7 Kc5 50. h4 Rh3+ 51. c3 a6 52. Rh5+ Kc6 53.
Kc4 Rh1 54. Rh6+ Kc7 55. h5 Ra1 56. Kb3 Rb1+ 57. Ka2 Rh1 58. a5 bxa5 59. Rh8 Rh3
60. h6 Kb7 61. h7 Rh2+ 62. Ka3 Rh3 63. Ka4 Rh5 64. c4 Rh4 65. Kxa5 Rh6 66. c5
Rh5 67. Kb4 Rh4+ 68. Kc3 Rh3+ 69. Kd4 Rh4+ 70. Kd5 Rh5+ 71. Kd6 Rh6+ 72. Kd7 Rh1
73. c6+ Ka7 74. c7 Rd1+ 75. Ke6 Re1+ 76. Kf5 1-0

[Event "Turkish Cup 2016"]
[Site "Manavgat TUR"]
[Date "2016.02.06"]
[Round "11.6"]
[White "Ozkan, Ervin"]
[Black "Arat, Ufuk Sezen"]
[Result "1/2-1/2"]
[BlackTitle "IM"]
[WhiteElo "2242"]
[BlackElo "2421"]
[WhiteTeam "BURSA"]
[BlackTeam "ISTANBUL"]
[WhiteFideId "6306004"]
[BlackFideId "6309089"]
[EventDate "2016.01.30"]

1. d4 Nf6 2. Bf4 d6 3. e3 Nbd7 4. h3 c5 5. c3 g6 6. Nf3 Bg7 7. Nbd2 O-O 8. Be2
b6 9. O-O Bb7 10. a4 cxd4 11. exd4 Re8 12. Bh2 a6 13. Re1 Qc7 14. Bc4 Bd5 15.
Qb3 Qc6 16. Bxd5 Nxd5 17. Nc4 Bh6 18. Ne3 Nxe3 19. fxe3 Nf6 20. Qc2 Ne4 21. Nd2
Nxd2 22. Qxd2 b5 23. Bf4 Bg7 24. axb5 axb5 25. Rxa8 Rxa8 26. e4 Ra2 27. e5 dxe5
28. Bxe5 Bf8 29. Re2 Qd5 30. Bf4 h5 31. Qe3 Qb3 32. Qd2 Ra1+ 33. Kh2 Rd1 34. Qc2
Qxc2 35. Rxc2 f6 36. h4 Kf7 37. Re2 e6 38. Kg3 Ke7 39. Kf2 Kd7 40. Re1 Rxe1 41.
Kxe1 Kc6 42. Ke2 Kd5 43. Kd3 e5 44. dxe5 fxe5 45. Bg3 e4+ 46. Kc2 Ke6 47. b3 Kf5
48. Kd2 Bc5 49. Ke2 g5 50. hxg5 Kxg5 51. c4 bxc4 52. bxc4 Kf5 53. Bf2 Bd6 54. c5
Bf4 55. c6 Ke6 56. Bb6 Kd6 57. c7 Kd7 58. Ba5 Bh6 59. Bd2 Bxd2 60. Kxd2 Kxc7 61.
Ke3 Kd6 62. Kxe4 Ke6 63. Kf4 Kf6 64. g3 1/2-1/2

[Event "Turkish Cup 2016"]
[Site "Manavgat TUR"]
[Date "2016.02.06"]
[Round "11.7"]
[White "Akdogan, Alperen"]
[Black "Kerigan, Demre"]
[Result "0-1"]
[BlackTitle "IM"]
[WhiteElo "2114"]
[BlackElo "2378"]
[WhiteTeam "ISTANBUL"]
[BlackTeam "ISTANBUL"]
[WhiteFideId "6347363"]
[BlackFideId "6307841"]
[EventDate "2016.01.30"]

1. d4 Nf6 2. Nf3 d6 3. c4 g6 4. Nc3 Bg7 5. e4 O-O 6. Be2 e5 7. O-O Na6 8. Be3
Ng4 9. Bg5 Qe8 10. h3 h6 11. Bh4 Nf6 12. dxe5 dxe5 13. Bxf6 Bxf6 14. Nd5 Bd8 15.
Qd2 c6 16. Nc3 Kg7 17. a3 Nc5 18. Qd6 Nb3 19. Rad1 Bf6 20. Rfe1 Qe6 21. Qc7 Nd4
22. Nxd4 exd4 23. Bg4 Qxc4 24. Ne2 Re8 25. Nc1 Bxg4 26. hxg4 Qc2 27. b4 Rxe4 28.
Qxb7 Rae8 29. Rf1 Rxg4 30. Nd3 Qc4 31. Qd7 Qe6 32. Qxe6 Rxe6 33. Rfe1 Rge4 34.
Rxe4 Rxe4 35. Kf1 Kf8 36. Rc1 Re6 37. Rc5 Bd8 38. Nf4 Rf6 39. Nd3 Bb6 40. Rc4
Rd6 41. Ke2 Ke7 42. Rc1 Re6+ 43. Kd2 Kd6 44. Nb2 Rf6 45. f3 Rf5 46. Nc4+ Kd5 47.
Kd3 Rg5 48. Re1 f6 49. g4 h5 50. Re4 c5 51. b5 hxg4 52. fxg4 Re5 53. Rf4 Re6 54.
a4 Bc7 55. Rf1 Be5 56. a5 Re8 57. Rh1 Rb8 58. b6 axb6 59. Nxb6+ Kc6 60. Kc4 Bc7
61. Rf1 Rf8 62. Nd5 Bxa5 63. Ne7+ Kd6 64. Nxg6 Rf7 65. Rf5 Bb4 66. Nf4 Rg7 67.
Nd3 Ke6 68. Nf4+ Kf7 69. Nd3 Rxg4 70. Ne5+ Ke6 0-1

[Event "Turkish Cup 2016"]
[Site "Manavgat TUR"]
[Date "2016.02.06"]
[Round "11.8"]
[White "Sevgi, Volkan"]
[Black "Yurtseven, Melih"]
[Result "1-0"]
[WhiteTitle "FM"]
[BlackTitle "FM"]
[WhiteElo "2197"]
[BlackElo "2332"]
[WhiteTeam "MERSIN"]
[BlackTeam "KAYSERI"]
[WhiteFideId "6325335"]
[BlackFideId "6312160"]
[EventDate "2016.01.30"]

1. e4 c5 2. Nc3 Nc6 3. g3 g6 4. Bg2 Bg7 5. d3 d6 6. Be3 Nf6 7. h3 O-O 8. Nge2
Rb8 9. f4 Nd7 10. Qd2 b5 11. O-O b4 12. Nd1 Ba6 13. f5 c4 14. Nf4 Nde5 15. Nf2
c3 16. bxc3 bxc3 17. Qc1 Rb2 18. Nd5 Qa5 19. f6 exf6 20. Nd1 Rxa2 21. Rxa2 Qxa2
22. N1xc3 Qa5 23. Qa1 Qxa1 24. Rxa1 Bc8 25. Ra4 Be6 26. Nb5 Rd8 27. d4 Nd7 28.
Nxd6 f5 29. e5 Ndxe5 30. dxe5 Nxe5 31. Ne7+ Kf8 32. Bc5 Nd7 33. Ba3 Rb8 34. Nc6
Rb1+ 35. Kh2 Kg8 36. Rxa7 h5 37. Nxf7 h4 38. Ng5 hxg3+ 39. Kxg3 1-0

[Event "Turkish Cup 2016"]
[Site "Manavgat TUR"]
[Date "2016.02.06"]
[Round "11.9"]
[White "Eminov, Orkhan"]
[Black "Gokerkan, Cem Kaan"]
[Result "0-1"]
[WhiteTitle "FM"]
[WhiteElo "2263"]
[BlackElo "2220"]
[WhiteTeam "ANKARA"]
[BlackTeam "ISTANBUL"]
[WhiteFideId "13402153"]
[BlackFideId "6336760"]
[EventDate "2016.01.30"]

1. e4 c5 2. Nf3 d6 3. d4 cxd4 4. Nxd4 Nf6 5. Nc3 a6 6. Be3 e5 7. Nb3 Be6 8. h3
Be7 9. Qf3 b5 10. O-O-O Nbd7 11. g4 Nb6 12. g5 Nfd7 13. Na5 Rc8 14. Nd5 Nxd5 15.
exd5 Bxd5 16. Qxd5 Qxa5 17. h4 Qc7 18. Bd3 Qc6 19. Qxc6 Rxc6 20. Be4 Rc7 21. Bd5
Nc5 22. f4 f6 23. f5 g6 24. Rdf1 gxf5 25. Rxf5 Rf8 26. Rhf1 fxg5 27. Bf7+ Kd7
28. hxg5 Kc6 29. Rd1 Kb7 30. Rh1 Nd3+ 31. Kb1 Nf4 32. Bxf4 exf4 33. Rxh7 Bxg5
34. Bd5+ Kb6 35. Rxf8 Rxh7 36. b4 Rh3 37. Rf7 a5 38. Rb7+ Ka6 39. a4 axb4 40.
axb5+ Ka5 41. Bc6 Bf6 42. Kc1 f3 43. Rf7 Rh1+ 44. Kd2 f2 45. Bg2 f1=Q 0-1

[Event "Turkish Cup 2016"]
[Site "Manavgat TUR"]
[Date "2016.02.06"]
[Round "11.10"]
[White "Sari, Yasin"]
[Black "Gulden, Egemen"]
[Result "1-0"]
[WhiteElo "2088"]
[BlackElo "2229"]
[WhiteTeam "ANTALYA"]
[BlackTeam "IZMIR"]
[WhiteFideId "6320902"]
[BlackFideId "6324983"]
[EventDate "2016.01.30"]

1. e4 e6 2. b3 d5 3. Bb2 c5 4. g3 Nc6 5. Bg2 Nge7 6. exd5 exd5 7. Nf3 Be6 8. O-O
Qd7 9. d4 cxd4 10. Nxd4 Nxd4 11. Qxd4 Nf5 12. Qd3 Be7 13. Nc3 Rd8 14. Rad1 d4
15. Ne2 Bf6 16. Nf4 O-O 17. Rfe1 Rfe8 18. Nxe6 fxe6 19. g4 Ne7 20. g5 Bxg5 21.
Qxd4 Qxd4 22. Bxd4 Nf5 23. Bxa7 Ra8 24. Bc5 Rxa2 25. Be4 Nh4 26. Rd7 Ra5 27. b4
Ra3 28. Bxb7 e5 29. Rd3 Rxd3 30. cxd3 Bf4 31. b5 Rd8 32. Rd1 Kf7 33. b6 Ke6 34.
Be4 Nf5 35. b7 Nd6 36. Rb1 Nxb7 37. Rxb7 Rc8 38. Be3 g5 39. Rxh7 1-0

[Event "Turkish Cup 2016"]
[Site "Manavgat TUR"]
[Date "2016.02.06"]
[Round "11.11"]
[White "Esen, Nejdet"]
[Black "Burcu, Cagatay"]
[Result "0-1"]
[WhiteElo "2058"]
[BlackElo "2193"]
[WhiteTeam "YALOVA"]
[BlackTeam "ANTALYA"]
[WhiteFideId "6305644"]
[BlackFideId "6310630"]
[EventDate "2016.01.30"]

1. e4 e6 2. Nf3 d5 3. Nc3 Nf6 4. e5 Nfd7 5. d4 c5 6. dxc5 Nc6 7. Bf4 Bxc5 8. Bd3
f6 9. exf6 Qxf6 10. Bg3 O-O 11. O-O g6 12. Qe2 Nd4 13. Nxd4 Bxd4 14. Rae1 Nc5
15. Bd6 Rf7 16. Nb5 Nxd3 17. cxd3 Bb6 18. Be5 Qg5 19. Nd4 Bd7 20. f4 Qe7 21. a3
Rc8 22. Kh1 Qf8 23. Nf3 Bd8 24. Ng5 Bxg5 25. fxg5 Rf5 26. g4 Rc2 27. Rxf5 Qc5
28. Rf8+ Kxf8 29. Qf3+ Ke8 30. Rf1 Qe7 31. Bd4 e5 32. Qd1 Ba4 33. b3 Bxb3 34.
Qb1 Ba4 35. Re1 e4 36. dxe4 dxe4 37. Rc1 e3 38. Rxc2 Qe4+ 39. Kg1 Bc6 0-1

[Event "Turkish Cup 2016"]
[Site "Manavgat TUR"]
[Date "2016.02.06"]
[Round "11.12"]
[White "Demircioglu, Emre"]
[Black "Samani, Yamac"]
[Result "1/2-1/2"]
[WhiteElo "2207"]
[BlackElo "2076"]
[WhiteTeam "ISTANBUL"]
[BlackTeam "K.K.T.C."]
[WhiteFideId "6301878"]
[BlackFideId "6352634"]
[EventDate "2016.01.30"]

1. d4 Nf6 2. Nf3 b6 3. c4 Bb7 4. Nc3 e6 5. a3 Be7 6. d5 O-O 7. e4 d6 8. Be2 e5
9. O-O c5 10. dxc6 Bxc6 11. Nd2 Nbd7 12. b4 Rc8 13. Re1 Qc7 14. Bb2 Rfd8 15. Rc1
Qb8 16. Bd3 a6 17. Nf1 g6 18. Ne3 Nh5 19. g3 Bg5 20. Rc2 Nf8 21. Ned5 Qb7 22.
Be2 Ne6 23. Bxh5 gxh5 24. Qxh5 Be8 25. h4 f5 26. Qd1 Bh6 27. Nf6+ Kh8 28. Nxe8
Rxe8 29. Nd5 f4 30. Nf6 Red8 31. Kh1 Qe7 32. Nd5 Qb7 33. Qg4 Qf7 34. Qf5 Rf8 35.
Qxf7 Rxf7 36. Nxb6 Rg8 37. Rg1 Rg4 38. c5 fxg3 39. fxg3 dxc5 40. Bxe5+ Bg7 41.
Bxg7+ Kxg7 42. bxc5 Rxe4 43. c6 Re5 44. Rd1 Nc7 45. Rd7 Rb5 46. Rxf7+ Kxf7 47.
Nc4 Rd5 48. Rd2 Rxd2 49. Nxd2 Ke6 50. Kg2 Kd5 51. Kf3 Kxc6 52. Kf4 Nd5+ 53. Ke5
Ne3 54. Ke4 Nd5 55. g4 Kd6 56. Nf3 h6 57. Nd4 Nf6+ 58. Kf5 Nd5 59. Nc2 Ne7+ 60.
Kf6 a5 61. Ne3 Nc6 62. Nc4+ Kd5 63. Nxa5 Nxa5 64. g5 hxg5 65. hxg5 Nb7 66. g6
Nd6 67. a4 Kc5 68. Ke6 Ne8 69. Kf7 Nd6+ 70. Ke7 Nf5+ 71. Ke6 Ng7+ 72. Kf6 Nh5+
73. Kf7 Kb4 74. Kg8 Nf4 1/2-1/2

[Event "Turkish Cup 2016"]
[Site "Manavgat TUR"]
[Date "2016.02.06"]
[Round "11.13"]
[White "Kilic, Efe Mert"]
[Black "Metin, Mehmet"]
[Result "1/2-1/2"]
[WhiteElo "1998"]
[BlackElo "2149"]
[WhiteTeam "KOCAELI"]
[BlackTeam "ORDU"]
[WhiteFideId "6354327"]
[BlackFideId "6303730"]
[EventDate "2016.01.30"]

1. e4 c5 2. Nf3 Nc6 3. Bb5 g6 4. O-O Bg7 5. Re1 Nf6 6. c3 O-O 7. e5 Nd5 8. d4
cxd4 9. cxd4 d6 10. h3 Nc7 11. Bxc6 bxc6 12. Nc3 Be6 13. b3 Rb8 14. Bb2 h6 15.
Qe2 Qd7 16. Red1 Nd5 17. Nxd5 Bxd5 18. Nd2 Qe6 19. Re1 Rfd8 20. Bc3 h5 21. Nc4
Rd7 22. Rad1 Rbd8 23. Ba5 Rc8 24. exd6 exd6 25. Qc2 Qf5 26. Qxf5 gxf5 27. Ne3
Be6 28. g3 Rb7 29. f4 Rb5 30. Bc3 c5 31. Ba1 a5 32. d5 Bxa1 33. Rxa1 Bd7 34. Nc4
Rd8 35. Nxd6 Rb4 36. Rac1 a4 37. Re3 axb3 38. axb3 Rd4 39. Rxc5 Ra8 40. Re2 Ra7
41. Nc4 Rd3 42. Kf2 Rxb3 43. Ne5 Kg7 44. d6 Be6 45. Rd2 Rbb7 46. Nc6 Ra8 47. Nd4
Kf6 48. Rc7 Rb6 49. Nxe6 Kxe6 50. Re7+ Kf6 51. Re5 Rd8 52. Rdd5 Rb2+ 53. Ke3
Rb3+ 54. Kd4 Rxg3 55. d7 Rg1 56. Rxf5+ Ke6 57. Rfe5+ Kf6 58. Rd6+ Kg7 59. Rg5+
Rxg5 60. fxg5 Kf8 61. Ke5 Ke7 62. h4 Ra8 63. d8=Q+ Rxd8 64. Rxd8 Kxd8 65. Kf6
Ke8 66. Kg7 Ke7 67. Kh6 Kf8 68. Kh7 Ke7 69. Kg7 Ke8 70. Kh6 Kf8 71. Kxh5 Kg7 72.
Kg4 f6 73. Kf5 fxg5 74. hxg5 Kf7 75. Ke4 Kg6 76. Ke5 Kf7 77. Kf5 Kg7 78. g6 Kg8
79. g7 Kf7 80. g8=N 1/2-1/2

[Event "Turkish Cup 2016"]
[Site "Manavgat TUR"]
[Date "2016.02.06"]
[Round "11.14"]
[White "Dedebas, Emre Emin"]
[Black "Karagollu, Ahmet"]
[Result "1/2-1/2"]
[WhiteElo "2077"]
[BlackElo "2113"]
[WhiteTeam "MANISA"]
[BlackTeam "IZMIR"]
[WhiteFideId "6349005"]
[BlackFideId "6307825"]
[EventDate "2016.01.30"]

1. d4 Nf6 2. c4 g6 3. Nc3 Bg7 4. e4 d6 5. Bd3 O-O 6. Nge2 Nc6 7. O-O Nd7 8. Bc2
e5 9. d5 Nd4 10. Nxd4 exd4 11. Nb5 Ne5 12. Nxd4 1/2-1/2

[Event "Turkish Cup 2016"]
[Site "Manavgat TUR"]
[Date "2016.02.06"]
[Round "11.15"]
[White "Ererdem, Gani Eren"]
[Black "Percin, Onder"]
[Result "1-0"]
[WhiteElo "2152"]
[BlackElo "1944"]
[WhiteTeam "KARAMAN"]
[BlackTeam "HATAY"]
[WhiteFideId "6310915"]
[BlackFideId "6345190"]
[EventDate "2016.01.30"]

1. d4 Nf6 2. Nf3 g6 3. Bg5 Ne4 4. Bf4 Bg7 5. Nbd2 d5 6. e3 Nd7 7. Nxe4 dxe4 8.
Nd2 f5 9. Nc4 O-O 10. h4 h6 11. g4 fxg4 12. c3 Nf6 13. Qc2 Nd5 14. Bg3 Bf5 15.
Bg2 Nf6 16. Nd2 Kh8 17. O-O-O a5 18. Be5 Ra6 19. Bxf6 exf6 20. Bxe4 Qd7 21. h5
Bxe4 22. Nxe4 Qd5 23. c4 Qf5 24. Nc5 Rc6 25. Qxf5 gxf5 26. b3 b6 27. Nd3 Re8 28.
Nf4 Re4 29. Kc2 Kg8 30. Rhg1 Kf7 31. Ng6 Bf8 32. Nh4 g3 33. fxg3 Rxe3 34. Nxf5
Re2+ 35. Rd2 Rce6 36. Kd3 Re1 37. Rxe1 Rxe1 38. Ne3 Bd6 39. Rg2 Rh1 40. g4 c6
41. Nf5 Bf8 42. d5 cxd5 43. cxd5 Rd1+ 44. Rd2 Rg1 45. Re2 Rd1+ 46. Ke4 Rg1 47.
Kd3 Rxg4 48. d6 Rg1 49. d7 Rd1+ 50. Rd2 Rxd2+ 51. Kxd2 Be7 52. Nxh6+ Ke6 53. Ng8
Kxd7 54. h6 Bf8 55. Nxf6+ Ke6 56. h7 Bg7 57. Nh5 Be5 58. Kd3 b5 59. Nf4+ Kf7 60.
Nd5 Kg7 61. Nc3 b4 62. Nd5 Kxh7 63. Kc4 a4 64. bxa4 Kg7 65. a5 Kf7 66. a6 Bb8
67. Nxb4 Ba7 68. Nc6 Bf2 69. Nd4 1-0